• 首页
  • 本馆介绍
  • 公告通知
  • 最新文献
  • 馆藏检索
  • 电子资源
  • 读者导购
  • 参考咨询
  • 我的图书馆
  • 登录
  • 详细信息显示
  • 放入我的书架
  • 预约/预借图书
  • 作者相关作品
  • 分类相关作品
  • 丛书相关作品
  • 出版社相关作品

书目信息

  • 表格格式
  • 工作单格式
  • 卡片格式
题名:
面食不难
    
 
作者: 飞雪无霜 著
分册:  
出版信息: 沈阳   辽宁科学技术出版社  2015.07
页数: 204页
开本: 24cm
丛书名:
单 册:
中图分类: TS972.116
科图分类:
主题词: 面食--mian shi--制作
电子资源:
ISBN: 978-7-5381-9304-6
000 00847nam0 2200217 450
001 2346479143
005 20231125125451.57
010    @a978-7-5381-9304-6@dCNY45.00
100    @a20150814d2015 em y0chiy50 ea
101 0  @achi
102    @aCN@b210000
105    @aa z 000yy
200 1  @a面食不难@Amian shi bu nan@f飞雪无霜著
210    @a沈阳@c辽宁科学技术出版社@d2015.07
215    @a204页@c彩图@d24cm
330    @a家常面食有很多种, 面粉的品种就有很多。以我们最常见的馒头包子, 以及面条、馄饨等, 基本上每天都会食用。那么怎么样在家里轻松上手, 做出美味好吃的主食呢? 本书按照面团的种类进行分类, 按照冷水面团、发酵面团、烫面面团、油酥面团等详细介绍各种中式面食的制作方法。
606 0  @a面食@Amian shi@x制作
690    @aTS972.116@v5
701  0 @a飞雪无霜@Afei xue wu shuang@4著
801  0 @aCN@b人天书店@c20150814
905    @aBZT@dTS972.116@e8
    
    面食不难/飞雪无霜著.-沈阳:辽宁科学技术出版社,2015.07
    204页:彩图;24cm
    
    
    ISBN 978-7-5381-9304-6:CNY45.00
    家常面食有很多种, 面粉的品种就有很多。以我们最常见的馒头包子, 以及面条、馄饨等, 基本上每天都会食用。那么怎么样在家里轻松上手, 做出美味好吃的主食呢? 本书按照面团的种类进行分类, 按照冷水面团、发酵面团、烫面面团、油酥面团等详细介绍各种中式面食的制作方法。
●
相关链接 在五车中查询图书 在当当中查询图书 在豆瓣中查询图书


正题名:面食不难     索取号:TS972.116/8         预约/预借

序号 登录号 条形码 馆藏地/架位号 状态 备注
1 2001083334   2001083334   东辅楼二楼书库/ [索取号:TS972.116/8] 在馆    
2 2001083335   2001083335   东辅楼二楼书库/ [索取号:TS972.116/8] 在馆    
3 2001083336   2001083336   东辅楼二楼书库/ [索取号:TS972.116/8] 在馆    
4 2001083337   2001083337   东辅楼二楼书库/ [索取号:TS972.116/8] 在馆    
5 2001083338   2001083338   东辅楼二楼书库/ [索取号:TS972.116/8] 在馆    
6 2001083339   2001083339   东辅楼二楼书库/ [索取号:TS972.116/8] 在馆    
7 2001083340   2001083340   东辅楼二楼书库/ [索取号:TS972.116/8] 在馆    
8 2001083341   2001083341   东辅楼二楼书库/ [索取号:TS972.116/8] 在馆    
9 2001083342   2001083342   东辅楼二楼书库/ [索取号:TS972.116/8] 在馆    
10 2001083343   2001083343   东辅楼二楼书库/ [索取号:TS972.116/8] 在馆    
11 2001083344   2001083344   东辅楼二楼书库/ [索取号:TS972.116/8] 在馆    
12 2001083345   2001083345   东辅楼二楼书库/ [索取号:TS972.116/8] 在馆    
13 2001083346   2001083346   东辅楼二楼书库/ [索取号:TS972.116/8] 在馆    
14 2001083347   2001083347   东辅楼二楼书库/ [索取号:TS972.116/8] 在馆    
15 2001083348   2001083348   东辅楼二楼书库/ [索取号:TS972.116/8] 在馆    
16 2001083349   2001083349   东辅楼二楼书库/ [索取号:TS972.116/8] 在馆    
17 2001083350   2001083350   东辅楼二楼书库/ [索取号:TS972.116/8] 在馆    
18 2001083351   2001083351   东辅楼二楼书库/ [索取号:TS972.116/8] 在馆    
19 2001083352   2001083352   东辅楼二楼书库/ [索取号:TS972.116/8] 在馆    
20 2001083353   2001083353   东辅楼二楼书库/ [索取号:TS972.116/8] 在馆    
21 2001083354   2001083354   东辅楼二楼书库/ [索取号:TS972.116/8] 在馆    
22 2001083355   2001083355   东辅楼二楼书库/ [索取号:TS972.116/8] 在馆    
23 2001083356   2001083356   东辅楼二楼书库/ [索取号:TS972.116/8] 在馆    
24 2001083357   2001083357   东辅楼二楼书库/ [索取号:TS972.116/8] 在馆    
25 2001083358   2001083358   东辅楼二楼书库/ [索取号:TS972.116/8] 在馆    
26 2001083359   2001083359   东辅楼二楼书库/ [索取号:TS972.116/8] 在馆    
27 2001083360   2001083360   东辅楼二楼书库/ [索取号:TS972.116/8] 在馆    
28 2001083361   2001083361   东辅楼二楼书库/ [索取号:TS972.116/8] 在馆    
29 2001083362   2001083362   东辅楼二楼书库/ [索取号:TS972.116/8] 在馆    
30 2001083363   2001083363   东辅楼二楼书库/ [索取号:TS972.116/8] 在馆    
山东省滨州职业学院图书馆 欢迎您!
大连网信软件有限公司© 版权所有